TV Debuts: 2002 Quiz Stats

Quiz Updated Nov 25, 2013

Also try: TV Debuts: 2003
Challenge
Share
Tweet
Score 0/20 Timer 04:00
12 Plays Today
% Correct
American Idol
89.3%
Dr. Phil
88.3%
Monk
86.3%
The Bachelor
81.4%
CSI: Miami
73.1%
The Osbournes
71.6%
Kim Possible
69.7%
George Lopez
64.7%
8 Simple Rules…
45.5%
The Anna Nicole Show
41%
% Correct
The Shield
40.4%
Firefly
37.6%
The Wire
35.2%
Crank Yankers
34.7%
The Barefoot Contessa
34.3%
Andy Richter Controls the Universe
25.4%
The Jamie Kennedy Experiment
21.8%
Everwood
20.5%
Greg the Bunny
15.6%
Without a Trace
13.5%

You're not logged in!

Compare scores with friends on all Sporcle quizzes.
Join for Free
OR
Log In

You Might Also Like...

Show Comments

Extras

Top Quizzes Today


Score Distribution

Your Account Isn't Verified!

In order to create a playlist on Sporcle, you need to verify the email address you used during registration. Go to your Sporcle Settings to finish the process.

Report this User

Report this user for behavior that violates our Community Guidelines.

Details: